Liste des noms de Pokémon finissant par Y - Statistiques

Statistiques générales
  • Ce quiz a été pris 46 fois
  • Le résultat moyen est 7 sur 16
Statistiques - réponses
Pokémon % Correct
Luxray
74%
Lixy
63%
Charmilly
58%
Crèmy
53%
Krabby
47%
Magby
47%
Manaphy
42%
Draby
37%
Fragilady
37%
Phanpy
37%
Sylveroy
37%
Coxy
32%
Skitty
32%
Delcatty
26%
Octillery
21%
Poissoroy
21%
Aucun quiz correspondant
Distribution des résultats
% des personnes avec chaque résultat
Percentile par nombre de réponses
Votre historique - résultats
Vous n’avez pas pris ce quiz